00418nam a22001577a 450000500170000001000150001702000260003203500140005803700100007208200130008210000180009524500400011326000310015327000540018430000220023820250707150244.0 aENG-145762 a9789386049735c895.00 aEN-129294 bDBAD/ a613.7046 aKumar Yaswant aYoga and Meditation cYaswant Kumar aDelhibShivani Book Agency aA-55B, Gali No. 6, Jagatpuri extn.bDelhie110093 a264p.c22.1cm(hb)